Bank mergers in a deregulated environment (Record no. 660523)

MARC details
000 -LEADER
fixed length control field 00743nam a2200265Ia 4500
003 - CONTROL NUMBER IDENTIFIER
control field OSt
005 - DATE AND TIME OF LATEST TRANSACTION
control field 20220926034836.0
008 - FIXED-LENGTH DATA ELEMENTS--GENERAL INFORMATION
fixed length control field 220923b |||||||| |||| 00| 0 eng d
020 ## - INTERNATIONAL STANDARD BOOK NUMBER
International Standard Book Number 1567203795
037 ## - SOURCE OF ACQUISITION
Terms of availability General Book
040 ## - CATALOGING SOURCE
Original cataloging agency RTL
Transcribing agency RTL
Language of cataloging eng
041 ## - LANGUAGE CODE
Source of code eng
Language code of text/sound track or separate title eng
100 ## - MAIN ENTRY--PERSONAL NAME
Personal name Shull Bernard
9 (RLIN) 341277
245 #0 - TITLE STATEMENT
Title Bank mergers in a deregulated environment
Remainder of title Promise
260 ## - PUBLICATION, DISTRIBUTION, ETC.
Place of publication, distribution, etc. Westport
Name of publisher, distributor, etc. Quorum Books
Date of publication, distribution, etc. 2001
300 ## - PHYSICAL DESCRIPTION
Extent xv,217p
Dimensions cm.
500 ## - GENERAL NOTE
General note Bibliography: P 209-10
650 ## - SUBJECT ADDED ENTRY--TOPICAL TERM
Topical term or geographic name entry element Bank
700 ## - ADDED ENTRY--PERSONAL NAME
Personal name Hanweck Gerald A
9 (RLIN) 341278
942 ## - ADDED ENTRY ELEMENTS (KOHA)
Classification part X62, P1
Koha item type General Books
Source of classification or shelving scheme Colon Classification (CC)
Holdings
Withdrawn status Lost status Damaged status Not for loan Home library Current library Date acquired Total Checkouts Full call number Barcode Date last seen Price effective from Koha item type
        Ratan Tata Library Ratan Tata Library 2022-09-26   X62 P1 RT1159841 2022-09-26 2022-09-26 General Books
Copyright @ Delhi University Library System